| 000 | 00840cam9a220020500 4500 | ||
|---|---|---|---|
| 001 | qce02098840 | ||
| 005 | 20190826090938.0 | ||
| 008 | 840413r19631963ne 000 0 eng d | ||
| 035 | _a(Sirsi) r59343 | ||
| 035 | _a(QCAT)lss04070722 | ||
| 035 | _a(UPRA)qce02098840 | ||
| 040 | _dUPRA | ||
| 100 | 1 |
_aTervoort, Bernard Th. M. _6A18688.1 |
|
| 245 | 1 | 0 |
_aGlossary of some technical terms in the field of the teaching and the education of the deaf / _cby Bernard Th. Tervoort. |
| 260 |
_aSt. Michielsgestel, Netherlands, _c1963? |
||
| 500 | _aCover title. | ||
| 500 | _aReprinted from Report of the Proceedings of the International Congress on Education of the Deaf and of the 41st meeting of the Convention of American Instructors of the Deaf, June 22-28, 1963. | ||
| 949 |
_aLC4507 _wlcc _i-77880 _mMAIN _tBOOK _lON-SHELF |
||
| 004 | 59343 | ||
| 999 |
_c159932 _d159932 |
||